000 00471nam a2200193Ia 4500
003 0100
008 130303s9999 xx 000 0 und d
020 _a8187886471
040 _cARRUPELIB
050 _aBR127.D865 2001
100 _aDupuis, Jacques
245 _aToward a Christian theology of religion pluralism
260 _aGujarat
260 _bGujarat Sahitya Prakash
260 _C2001
300 _axviii
300 _b 439p. 24cm.
942 _2lcc
_03
999 _c60007
_d60007